LEADER 01119cam0-22004091i-450- 001 990000423850403321 005 20051213123340.0 010 $a88-204-8062-X 035 $a000042385 035 $aFED01000042385 035 $a(Aleph)000042385FED01 035 $a000042385 100 $a20020821d1993----km-y0itay50------ba 101 0 $aita 102 $aIT 105 $aa-------001yy 200 1 $a<>limite della dispersione$econtrollo e sperimentazione dei componenti edilizi$fFranco Laner 210 $aMilano$cFrancoAngeli$d1993 215 $a147 p.$cill.$d23 cm 225 1 $aRicerche di tecnologia dell'architettura$v46 610 0 $aSicurezza edilizia 610 0 $aMateriali edilizia 610 0 $aEdilizia$aComponenti 610 0 $aComponenti edilizi 676 $a721 676 $a690 700 1$aLaner,$bFranco 801 0$aIT$bUNINA$gRICA$2UNIMARC 901 $aBK 912 $a990000423850403321 952 $a08 N 297$fDINED 952 $a21 A 14 35$fDINPU 952 $aTECN B 961$b5415/753$fFARBC 959 $aDINED 959 $aDINPU 959 $aFARBC 997 $aUNINA LEADER 03179nam 2200673 450 001 996205662903316 005 20221206173343.0 010 $a1-118-31011-X 010 $a1-283-94129-5 010 $a1-118-31010-1 024 7 $a10.1002/9781118310144 035 $a(CKB)2670000000262507 035 $a(EBL)861781 035 $a(SSID)ssj0000722620 035 $a(PQKBManifestationID)11401057 035 $a(PQKBTitleCode)TC0000722620 035 $a(PQKBWorkID)10698832 035 $a(PQKB)10425286 035 $a(MiAaPQ)EBC861781 035 $a(CaBNVSL)mat06331042 035 $a(IDAMS)0b0000648193dda7 035 $a(IEEE)6331042 035 $a(OCoLC)812066602 035 $a(EXLCZ)992670000000262507 100 $a20151222d2012 uy 101 0 $aeng 135 $aur|n|---||||| 181 $ctxt 182 $cc 183 $acr 200 10$aFrequency stability $eintroduction and applications /$fVe?nceslav F. Kroupa 210 1$aPiscataway, New Jersey :$cIEEE Press,$dc2012 210 2$a[Piscataqay, New Jersey] :$cIEEE Xplore,$d[2012] 215 $a1 online resource (332 p.) 225 1 $aIEEE series on digital & mobile communication ;$v34 225 1 $aIEEE Press series on digital and mobile communication ;$v15 300 $aDescription based upon print version of record. 311 $a1-118-31014-4 311 $a1-118-15912-8 320 $aIncludes bibliographical references and index. 327 $aNoise and Frequency Stability -- Noise in Resonators and Oscillators -- Noise Properties of Practical Oscillators -- Noise of Building Elements -- Time Domain Measurements -- Phase-Locked Loops. 330 $a"For wireless communication engineers, it is important to have solid fundamental knowledge of noise and how to minimize it by stabilizing the incoming/outgoing waves. This introductory text of frequency stability offers discussion of the noise from the practical and theoretical points of view, proceeding with investigation of frequency and time fluctuations in resonators, and continue with stability of both of standard and practical microwave oscillators. Finally, the author discusses noise properties of building circuit blocks introducing a chapter on time domain properties and their relations with noise spectral densities. A special chapter is dedicated to the design and properties of the Phase Locked Loops. They are very important for frequency synthesizers which influence every day communications of millions and millions of people"--$cProvided by publisher. 410 0$aIEEE Press series on digital and mobile communication ;$v15 606 $aOscillators, Electric$xDesign and construction 606 $aFrequency stability 615 0$aOscillators, Electric$xDesign and construction. 615 0$aFrequency stability. 676 $a621.381/323 676 $a621.381323 676 $a621.384 686 $aTEC008060$2bisacsh 700 $aKroupa$b Ve?nceslav F.$f1923-$0845532 801 0$bCaBNVSL 801 1$bCaBNVSL 801 2$bCaBNVSL 906 $aBOOK 912 $a996205662903316 996 $aFrequency stability$91887705 997 $aUNISA LEADER 06136nam 2200493 450 001 9910495154603321 005 20230508102028.0 010 $a3-030-77834-7 035 $a(CKB)4100000011982279 035 $a(MiAaPQ)EBC6680480 035 $a(Au-PeEL)EBL6680480 035 $a(OCoLC)1261364257 035 $a(PPN)269146504 035 $a(EXLCZ)994100000011982279 100 $a20220403d2021 uy 0 101 0 $aeng 135 $aurcnu|||||||| 181 $ctxt$2rdacontent 182 $cc$2rdamedia 183 $acr$2rdacarrier 200 10$aDifferentiability in Banach spaces, differential forms and applications /$fCelso Melchiades Doria 210 1$aCham, Switzerland :$cSpringer,$d[2021] 210 4$d©2021 215 $a1 online resource (369 pages) 311 $a3-030-77833-9 327 $aIntro -- Preface -- Introduction -- Contents -- 1 Differentiation in mathbbRn -- 1 Differentiability of Functions f:mathbbRnrightarrowmathbbR -- 1.1 Directional Derivatives -- 1.2 Differentiable Functions -- 1.3 Differentials -- 1.4 Multiple Derivatives -- 1.5 Higher Order Differentials -- 2 Taylor's Formula -- 3 Critical Points and Local Extremes -- 3.1 Morse Functions -- 4 The Implicit Function Theorem and Applications -- 5 Lagrange Multipliers -- 5.1 The Ultraviolet Catastrophe: The Dawn of Quantum Mechanics -- 6 Differentiable Maps I -- 6.1 Basics Concepts -- 6.2 Coordinate Systems -- 6.3 The Local Form of an Immersion -- 6.4 The Local Form of Submersions -- 6.5 Generalization of the Implicit Function Theorem -- 7 Fundamental Theorem of Algebra -- 8 Jacobian Conjecture -- 8.1 Case n=1 -- 8.2 Case nge2 -- 8.3 Covering Spaces -- 8.4 Degree Reduction -- 2 Linear Operators in Banach Spaces -- 1 Bounded Linear Operators on Normed Spaces -- 2 Closed Operators and Closed Range Operators -- 3 Dual Spaces -- 4 The Spectrum of a Bounded Linear Operator -- 5 Compact Linear Operators -- 6 Fredholm Operators -- 6.1 The Spectral Theory of Compact Operators -- 7 Linear Operators on Hilbert Spaces -- 7.1 Characterization of Compact Operators on Hilbert Spaces -- 7.2 Self-adjoint Compact Operators on Hilbert Spaces -- 7.3 Fredholm Alternative -- 7.4 Hilbert-Schmidt Integral Operators -- 8 Closed Unbounded Linear Operators on Hilbert Spaces -- 3 Differentiation in Banach Spaces -- 1 Maps on Banach Spaces -- 1.1 Extension by Continuity -- 2 Derivation and Integration of Functions f:[a,b]rightarrowE -- 2.1 Derivation of a Single Variable Function -- 2.2 Integration of a Single Variable Function -- 3 Differentiable Maps II -- 4 Inverse Function Theorem (InFT) -- 4.1 Prelude for the Inverse Function Theorem -- 4.2 InFT for Functions of a Single Real Variable. 327 $a4.3 Proof of the Inverse Function Theorem (InFT) -- 4.4 Applications of InFT -- 5 Classical Examples in Variational Calculus -- 5.1 Euler-Lagrange Equations -- 5.2 Examples -- 6 Fredholm Maps -- 6.1 Final Comments and Examples -- 7 An Application of the Inverse Function Theorem to Geometry -- 4 Vector Fields -- 1 Vector Fields in mathbbRn -- 2 Conservative Vector Fields -- 3 Existence and Uniqueness Theorem for ODE -- 4 Flow of a Vector Field -- 5 Vector Fields as Differential Operators -- 6 Integrability, Frobenius Theorem -- 7 Lie Groups and Lie Algebras -- 8 Variations over a Flow, Lie Derivative -- 9 Gradient, Curl and Divergent Differential Operators -- 5 Vector Integration, Potential Theory -- 1 Vector Calculus -- 1.1 Line Integral -- 1.2 Surface Integral -- 2 Classical Theorems of Integration -- 2.1 Interpretation of the Curl and Div Operators -- 3 Elementary Aspects of the Theory of Potential -- 6 Differential Forms, Stokes Theorem -- 1 Exterior Algebra -- 2 Orientation on V and on the Inner Product on ?(V) -- 2.1 Orientation -- 2.2 Inner Product in ?(V) -- 2.3 Pseudo-Inner Product, the Lorentz Form -- 3 Differential Forms -- 3.1 Exterior Derivative -- 4 De Rham Cohomology -- 4.1 Short Exact Sequence -- 5 De Rham Cohomology of Spheres and Surfaces -- 6 Stokes Theorem -- 7 Orientation, Hodge Star-Operator and Exterior Co-derivative -- 8 Differential Forms on Manifolds, Stokes Theorem -- 8.1 Orientation -- 8.2 Integration on Manifolds -- 8.3 Exterior Derivative -- 8.4 Stokes Theorem on Manifolds -- 7 Applications to the Stokes Theorem -- 1 Volumes of the (n+1)-Disk and of the n-Sphere -- 2 Harmonic Functions -- 2.1 Laplacian Operator -- 2.2 Properties of Harmonic Functions -- 3 Poisson Kernel for the n-Disk DnR -- 4 Harmonic Differential Forms -- 4.1 Hodge Theorem on Manifolds -- 5 Geometric Formulation of the Electromagnetic Theory. 327 $a5.1 Electromagnetic Potentials -- 5.2 Geometric Formulation -- 5.3 Variational Formulation -- 6 Helmholtz's Decomposition Theorem -- Appendix A Basics of Analysis -- 1 Sets -- 2 Finite-dimensional Linear Algebra: V=mathbbRn -- 2.1 Matrix Spaces -- 2.2 Linear Transformations -- 2.3 Primary Decomposition Theorem -- 2.4 Inner Product and Sesquilinear Forms -- 2.5 The Sylvester Theorem -- 2.6 Dual Vector Spaces -- 3 Metric and Banach Spaces -- 4 Calculus Theorems -- 4.1 One Real Variable Functions -- 4.2 Functions of Several Real Variables -- 5 Proper Maps -- 6 Equicontinuity and the Ascoli-Arzela? Theorem -- 7 Functional Analysis Theorems -- 7.1 Riesz and Hahn-Banach Theorems -- 7.2 Topological Complementary Subspace -- 8 The Contraction Lemma -- Appendix B Differentiable Manifolds, Lie Groups -- 1 Differentiable Manifolds -- 2 Bundles: Tangent and Cotangent -- 3 Lie Groups -- Appendix C Tensor Algebra -- 1 Tensor Product -- 2 Tensor Algebra -- Appendix References -- -- Index. 606 $aBanach spaces 606 $aEspais de Banach$2thub 606 $aStokes' theorem 608 $aLlibres electrònics$2thub 615 0$aBanach spaces. 615 7$aEspais de Banach 615 0$aStokes' theorem. 676 $a515.732 700 $aDoria$b Celso Melchiades$0846200 801 0$bMiAaPQ 801 1$bMiAaPQ 801 2$bMiAaPQ 906 $aBOOK 912 $a9910495154603321 996 $aDifferentiability in Banach Spaces, Differential Forms and Applications$91890197 997 $aUNINA LEADER 02792nam 2200721 a 450 001 9911004820703321 005 20200520144314.0 010 $a9781628701395 010 $a1628701390 010 $a9781847555304 010 $a1847555306 035 $a(CKB)1000000000791710 035 $a(EBL)1186086 035 $a(OCoLC)229137260 035 $a(SSID)ssj0000379650 035 $a(PQKBManifestationID)11258116 035 $a(PQKBTitleCode)TC0000379650 035 $a(PQKBWorkID)10371657 035 $a(PQKB)10028599 035 $a(MiAaPQ)EBC1186086 035 $a(PPN)198474806 035 $a(MiAaPQ)EBC7425044 035 $a(Au-PeEL)EBL7425044 035 $a(Perlego)787522 035 $a(EXLCZ)991000000000791710 100 $a20070109d2006 uy 0 101 0 $aeng 135 $aur|n|---||||| 181 $ctxt 182 $cc 183 $acr 200 00$aSequence-specific DNA binding agents /$fedited by Michael Waring 205 $a1st ed. 210 $aCambridge $cRSC Pub.$dc2006 215 $a1 online resource (271 p.) 225 0$aRSC biomolecular sciences 300 $aDescription based upon print version of record. 311 08$a9780854043705 311 08$a0854043705 320 $aIncludes bibliographical references and index. 327 $aSequence-specific DNA Binding Agents; i_iv; v_vi; vii_xii; 001_028; 029_043; 044_068; 069_095; 096_108; 109_129; 130_151; 152_189; 190_206; 207_232; 233_252; 253_258 330 $aThe binding of antibiotics and drugs to DNA is a fast developing area of research with important applications in medicine, particularly the treatment of cancer. Sequence-specific DNA Binding Agents uniquely discusses key aspects of this topic, providing a novel perspective on the subject. Written by experts in the field, this book discusses diverse modes of binding of antibiotics and drugs to DNA, emphasising matters that are important or promising for cancer treatment. Chapters discuss established agents like actinomycin D but also look at novel drugs with strong potential in chemotherapy suc 410 0$aRSC Biomolecular Sciences 606 $aDNA-drug interactions 606 $aDNA-binding proteins 606 $aGene targeting 606 $aDrug targeting 606 $aChemotherapy 615 0$aDNA-drug interactions. 615 0$aDNA-binding proteins. 615 0$aGene targeting. 615 0$aDrug targeting. 615 0$aChemotherapy. 676 $a616.994061 701 $aWaring$b Michael J$0728341 712 02$aRoyal Society of Chemistry (Great Britain) 801 0$bMiAaPQ 801 1$bMiAaPQ 801 2$bMiAaPQ 906 $aBOOK 912 $a9911004820703321 996 $aSequence-specific DNA binding agents$94389615 997 $aUNINA